000 00492nam a2200169Ia 4500
999 _c15615
_d15615
003 OSt
005 20200606115828.0
008 190216s9999||||xx |||||||||||||| ||und||
040 _cMESKC library
082 _a954
_bSRI/V
100 _aShrivastava, Randhir
_9454
245 0 _aVidyapathi Ek Adhyayana /
_cRandhir Shrivastava
260 _bBharatheey Granth Nikethan,
_aDelhi:
_c1991.
300 _a192p
650 _aHindi
942 _cBK
_2ddc
_h954
_iSRI/V
_k954
_mSRI/V